[Event "Rated Blitz tournament 54uIcFz0"]
[Site "?"]
[Date "2021.04.03"]
[Round "?"]
[White "ChessFerzZ"]
[Black "Korshun_2022"]
[Result "0-1"]
[WhiteElo "2543"]
[BlackElo "2232"]
[PlyCount "26"]
[EventDate "2021.??.??"]
[EventType "blitz"]

1. e4 e5 2. Nf3 d5 3. d4 dxe4 4. Nxe5 Bd6 5. Bc4 Bxe5 6. dxe5 Qxd1+ 7. Kxd1 Nc6
8. Bd5 Bg4+ 9. Ke1 O-O-O 10. Nc3 Nxe5 11. Bxe4 Nf6 12. h3 Nxe4 13. Nxe4 Rd1# {
Normal} 0-1

[Event "Rated Blitz game"]
[Site "?"]
[Date "2021.04.03"]
[Round "?"]
[White "Shamsutdin"]
[Black "Chessbear_163"]
[Result "1-0"]
[WhiteElo "2496"]
[BlackElo "2322"]
[PlyCount "52"]
[EventDate "2021.??.??"]
[EventType "blitz"]

1. e4 e5 2. Nf3 d5 3. Nxe5 Bd6 4. d4 dxe4 5. Nc4 Nc6 6. Nxd6+ Qxd6 7. Be2 Qxd4
8. Nd2 Nf6 9. O-O O-O 10. Qe1 Bf5 11. Nb3 Qe5 12. h3 Rad8 13. Be3 a6 14. c3
Rfe8 15. Nd4 Nd5 16. Nxf5 Qxf5 17. Bc4 Nxe3 18. fxe3 Qc5 19. Bxf7+ Kh8 20. Bxe8
Rxe8 21. Qg3 Ne5 22. Rf5 Qd6 23. Qf4 h6 24. Rf1 Kh7 25. Qxe4 Re6 26. Rxe5+ Kg8
{Normal} 1-0

[Event "Rated Blitz game"]
[Site "?"]
[Date "2021.04.03"]
[Round "?"]
[White "braulio66"]
[Black "pasha1984"]
[Result "0-1"]
[WhiteElo "2340"]
[BlackElo "2403"]
[PlyCount "120"]
[EventDate "2021.??.??"]
[EventType "blitz"]

1. e4 e5 2. Nf3 d5 3. exd5 e4 4. Qe2 Nf6 5. d3 Qxd5 6. Nc3 Bb4 7. Bd2 Bxc3 8.
Bxc3 O-O 9. dxe4 Nxe4 10. Rd1 Nxc3 11. Rxd5 Nxe2 12. Bxe2 Be6 13. Rc5 c6 14.
O-O Nd7 15. Rc3 Nf6 16. Rd1 Rfd8 17. Rcd3 Rxd3 18. Rxd3 Kf8 19. b3 Ke7 20. Kf1
a5 21. a4 Rd8 22. Rxd8 Kxd8 23. Nd4 Bd5 24. f3 Kd7 25. c4 Be6 26. Nxe6 Kxe6 27.
Bd3 Ke5 28. Ke2 Kd4 29. Kd2 Nd7 30. Bf5 Nc5 31. Kc2 Na6 32. Bc8 Nb4+ 33. Kd2 b6
34. Bd7 c5 35. h4 Na2 36. g4 Nc3 37. g5 h6 38. Be8 f6 39. gxh6 gxh6 40. Bg6 Na2
41. Be4 Nb4 42. Bb7 f5 43. Ba8 Nd3 44. Bb7 f4 45. Be4 Ne5 46. Bd5 Ng6 47. h5
Nh4 48. Be4 Ng2 49. Bd3 Ne3 50. Be4 Nf1+ 51. Ke2 Ng3+ 52. Kf2 Nxe4+ 53. fxe4
Kxe4 54. Ke2 f3+ 55. Kf2 Kf4 56. Kf1 Kg3 57. Kg1 Kf4 58. Kf2 Kg4 59. Kf1 Kxh5
60. Kf2 Kg4 {Normal} 0-1

[Event "Rated Blitz tournament apr21bta"]
[Site "?"]
[Date "2021.04.03"]
[Round "?"]
[White "Abik02"]
[Black "KrAKeN_1"]
[Result "1-0"]
[WhiteElo "2599"]
[BlackElo "2542"]
[PlyCount "177"]
[EventDate "2021.??.??"]
[EventType "blitz"]

1. e4 e5 2. Nf3 d5 3. Nc3 dxe4 4. Nxe5 Bd6 5. d4 Bxe5 6. dxe5 Qxd1+ 7. Nxd1 Nc6
8. Bf4 Bf5 9. Ne3 Bg6 10. Bb5 Nge7 11. O-O-O Rd8 12. h4 h5 13. Bg5 Rxd1+ 14.
Rxd1 a6 15. Bxc6+ Nxc6 16. Nd5 Kd7 17. Nf4+ Kc8 18. e6 Re8 19. c3 Ne5 20. exf7
Bxf7 21. Rd4 Bxa2 22. Kc2 Bg8 23. b3 Ng4 24. Rd2 Bh7 25. Kb2 b6 26. Nxh5 e3 27.
fxe3 Nxe3 28. Nxg7 Rg8 29. Ne6 Nf5 30. Rd8+ Rxd8 31. Nxd8 Bg8 32. Nc6 Kd7 33.
Ne5+ Ke6 34. Nd3 Bh7 35. Nf4+ Ke5 36. Nd3+ Ke4 37. Nf2+ Ke5 38. Ng4+ Ke6 39. c4
Nd4 40. Ne3 Be4 41. Bf4 Ne2 42. Bxc7 b5 43. cxb5 axb5 44. g4 Bf3 45. h5 Kf6 46.
h6 Kg6 47. g5 Be4 48. Bd8 b4 49. Be7 Nd4 50. Nc4 Nc6 51. Bf6 Kh7 52. Kc1 Bd3
53. Ne5 Nxe5 54. Bxe5 Be4 55. Bd6 Kg6 56. Bxb4 Kxg5 57. Bd2+ Kg6 58. Kb2 Kh7
59. b4 Kg6 60. Kc3 Kf7 61. Kd4 Bc2 62. Kc5 Ke8 63. b5 Kd7 64. b6 Kc8 65. Be3
Kb7 66. Kd6 Bd3 67. Ke7 Bc2 68. Kf6 Kc6 69. Kg7 Be4 70. h7 Bxh7 71. Kxh7 Kb7
72. Kg6 Ka6 73. Kf6 Kb7 74. Ke7 Kc6 75. Kd8 Kb7 76. Kd7 Ka6 77. Kc7 Kb5 78. b7
Kc4 79. b8=Q Kd5 80. Qb6 Ke4 81. Qd4+ Kf3 82. Bc1 Ke2 83. Kd6 Kf3 84. Ke5 Ke2
85. Qc3 Kf2 86. Ke4 Ke2 87. Qc2+ Kf1 88. Kf3 Ke1 89. Qe2# {Normal} 1-0

[Event "Rated Blitz game"]
[Site "?"]
[Date "2021.04.03"]
[Round "?"]
[White "BLITZ16"]
[Black "Schachelite"]
[Result "1-0"]
[WhiteElo "2409"]
[BlackElo "2461"]
[PlyCount "39"]
[EventDate "2021.??.??"]
[EventType "blitz"]

1. e4 e5 2. Nf3 d5 3. Nxe5 Bd6 4. Nf3 dxe4 5. Nd4 Bxh2 6. Rxh2 Qxd4 7. Nc3 Nf6
8. d3 Bf5 9. dxe4 Qxd1+ 10. Kxd1 Nxe4 11. Nxe4 Bxe4 12. Bf4 c6 13. f3 Bg6 14.
Bd6 Nd7 15. g3 O-O-O 16. Ke1 Rhe8+ 17. Kf2 Bxc2 18. Rc1 Bg6 19. Rxc6+ bxc6 20.
Ba6# {Normal} 1-0

[Event "Rated Blitz game"]
[Site "?"]
[Date "2021.04.03"]
[Round "?"]
[White "TSM23"]
[Black "wtfai"]
[Result "0-1"]
[WhiteElo "2412"]
[BlackElo "2407"]
[PlyCount "54"]
[EventDate "2021.??.??"]
[EventType "blitz"]

1. e4 e5 2. Nf3 d5 3. exd5 Bd6 4. Nc3 Nf6 5. d4 e4 6. Ne5 Nbd7 7. Nc4 O-O 8.
Bg5 Re8 9. Qd2 h6 10. Bh4 Bb4 11. Ne3 Nb6 12. Bb5 Bd7 13. Bxd7 Nbxd7 14. a3 Bd6
15. Nb5 Nb6 16. c4 Bf4 17. Rc1 a6 18. c5 Nbxd5 19. Nc3 g5 20. Bg3 Nxe3 21. fxe3
Bxg3+ 22. hxg3 Kg7 23. O-O c6 24. Rf5 Nd5 25. Rcf1 Re7 26. Qf2 Qd7 27. Qc2 Nxe3
{Normal} 0-1

[Event "Rated Blitz tournament apr21bta"]
[Site "?"]
[Date "2021.04.03"]
[Round "?"]
[White "Sergejs_Klimakovs"]
[Black "KrAKeN_1"]
[Result "1/2-1/2"]
[WhiteElo "2470"]
[BlackElo "2491"]
[PlyCount "125"]
[EventDate "2021.??.??"]
[EventType "blitz"]

1. e4 e5 2. Nf3 d5 3. Nxe5 Bd6 4. d4 dxe4 5. Nc4 Nc6 6. Nc3 Nf6 7. Bg5 Be7 8.
Qd2 O-O 9. O-O-O Bf5 10. h4 a6 11. d5 Nb4 12. Bxf6 Bxf6 13. a3 a5 14. axb4 axb4
15. Nb1 b3 16. cxb3 Ra1 17. Ne3 Bd7 18. Bc4 b5 19. Be2 Qa8 20. Qc2 Ra2 21. Nc3
Rxb2 22. Qxb2 b4 23. Kc2 Bxc3 24. Qb1 c6 25. dxc6 Qxc6 26. Bc4 Be6 27. Rd5 Bxd5
28. Nxd5 Be5 29. Re1 Qc5 30. Rxe4 Qxf2+ 31. Re2 Qd4 32. Rxe5 Qxe5 33. Qg1 Rc8
34. Qe3 Qxd5 35. Qe8+ Rxe8 36. Bxd5 Rc8+ 37. Kd3 Rc3+ 38. Kd4 Rg3 39. Kc5 Rg4
40. g3 Rxg3 41. Kxb4 Rg4+ 42. Kc5 Rxh4 43. b4 Rxb4 44. Kxb4 h5 45. Kc3 g5 46.
Kd3 Kg7 47. Ke4 Kg6 48. Kf3 f5 49. Kg3 h4+ 50. Kh3 Kf6 51. Bb7 Ke5 52. Bc8 Kf6
53. Bd7 Ke5 54. Bc8 Kf4 55. Bd7 Ke4 56. Bc8 f4 57. Kg4 Ke3 58. Bb7 Kf2 59. Kxg5
h3 60. Kxf4 h2 61. Bh1 Kg1 62. Bf3 h1=Q 63. Bxh1 {Normal} 1/2-1/2

[Event "Rated Blitz tournament apr21bta"]
[Site "?"]
[Date "2021.04.03"]
[Round "?"]
[White "Sjakkerntobi"]
[Black "GrigoriiTer-Saakian"]
[Result "1-0"]
[WhiteElo "2434"]
[BlackElo "2444"]
[PlyCount "23"]
[EventDate "2021.??.??"]
[EventType "blitz"]

1. e4 e5 2. Nf3 d5 3. exd5 e4 4. Qe2 Nf6 5. d3 Qxd5 6. Nbd2 Bf5 7. dxe4 Nxe4 8.
Ng5 Bb4 9. c3 O-O 10. Ngxe4 Bxe4 11. Qxe4 Qxe4+ 12. Nxe4 {Normal} 1-0

[Event "Rated Blitz game"]
[Site "?"]
[Date "2021.04.03"]
[Round "?"]
[White "DanOF"]
[Black "Chessbear_163"]
[Result "1-0"]
[WhiteElo "2408"]
[BlackElo "2344"]
[PlyCount "100"]
[EventDate "2021.??.??"]
[EventType "blitz"]

1. e4 e5 2. Nf3 d5 3. exd5 e4 4. Ne5 Qxd5 5. Nc4 Nf6 6. Nc3 Qf5 7. d3 exd3 8.
Bxd3 Qe6+ 9. Be3 Be7 10. O-O O-O 11. Re1 Nc6 12. Bxa7 Rxa7 13. Rxe6 Bxe6 14.
Ne3 Ra5 15. Qf3 Rd8 16. h3 Rg5 17. Ne4 Nxe4 18. Qxe4 g6 19. Bc4 Rd4 20. Qf3
Bxc4 21. Nxc4 Rxc4 22. c3 Rcc5 23. Re1 Rge5 24. Rxe5 Rxe5 25. Qd3 Bd6 26. g3 f5
27. Qc4+ Kf8 28. Qh4 Kg7 29. b4 Re2 30. a3 Ne5 31. Qd4 Re4 32. Qa7 b6 33. Kg2
Nc4 34. a4 Re7 35. a5 Ne5 36. axb6 cxb6 37. Qxb6 Nc4 38. Qc6 Rc7 39. Qd5 Kf8
40. b5 Ke7 41. b6 Nxb6 42. Qg8 Kd7 43. Qxh7+ Kc6 44. Qxg6 Nd5 45. Qxf5 Re7 46.
c4 Nc7 47. h4 Ne6 48. h5 Nd4 49. Qd5+ Kd7 50. Qxd4 Re5 {Normal} 1-0

[Event "Rated Blitz game"]
[Site "?"]
[Date "2021.04.03"]
[Round "?"]
[White "Ates_Atabey"]
[Black "magos33"]
[Result "1-0"]
[WhiteElo "2401"]
[BlackElo "2358"]
[PlyCount "117"]
[EventDate "2021.??.??"]
[EventType "blitz"]

1. e4 e5 2. Nf3 d5 3. exd5 e4 4. Qe2 Nf6 5. Nc3 Be7 6. Nxe4 Nxd5 7. c4 Nf4 8.
Qe3 Ne6 9. d4 O-O 10. Bd3 Bb4+ 11. Bd2 Bxd2+ 12. Nexd2 Re8 13. O-O c6 14. Rfe1
Bd7 15. d5 Nf8 16. Qf4 cxd5 17. cxd5 Ng6 18. Bxg6 hxg6 19. Ne5 Qf6 20. Qxf6
gxf6 21. Nec4 Na6 22. Nd6 Rxe1+ 23. Rxe1 Kf8 24. a3 b6 25. N2e4 Kg7 26. b4 Rd8
27. Nc3 Bc8 28. Ne8+ Kf8 29. Nxf6 Bb7 30. h4 Nc7 31. Rd1 Ke7 32. Nfe4 Nxd5 33.
Nxd5+ Bxd5 34. Nc3 Ke6 35. Nxd5 Rxd5 36. Rxd5 Kxd5 37. g4 Ke4 38. Kg2 Kf4 39.
f3 b5 40. Kf2 f6 41. Kg2 f5 42. gxf5 Kxf5 43. Kg3 a6 44. f4 Ke6 45. Kg4 Kf6 46.
Kg3 Ke6 47. Kf2 Kf6 48. Ke3 Kf5 49. Kf3 Kf6 50. Kg4 Ke6 51. Kg5 Kf7 52. f5 gxf5
53. Kxf5 Kg7 54. Ke5 Kg6 55. Kd5 Kh5 56. Kc6 Kxh4 57. Kb6 Kg5 58. Kxa6 Kf5 59.
Kxb5 {Normal} 1-0

[Event "Rated Blitz game"]
[Site "?"]
[Date "2021.04.03"]
[Round "?"]
[White "CalvinKChess"]
[Black "Melladov"]
[Result "0-1"]
[WhiteElo "2445"]
[BlackElo "2583"]
[PlyCount "60"]
[EventDate "2021.??.??"]
[EventType "blitz"]

1. e4 e5 2. Nf3 d5 3. Nxe5 Bd6 4. d4 dxe4 5. Nc4 Nf6 6. Be2 Nc6 7. Nxd6+ Qxd6
8. Be3 O-O 9. O-O Bf5 10. c3 Rad8 11. Nd2 Rfe8 12. a4 Nd5 13. Re1 Qg6 14. Nf1
Ne5 15. Ng3 Nd3 16. Bxd3 exd3 17. Qd2 Bg4 18. h3 Bd7 19. b3 Nxe3 20. Rxe3 Rxe3
21. Qxe3 Re8 22. Qd2 h5 23. Kh2 h4 24. Nf1 Re2 25. Qf4 Bc6 26. Qg4 Qxg4 27.
hxg4 Rxf2 28. Ne3 Be4 29. Rd1 g5 30. Kg1 Re2 {Normal} 0-1

[Event "Rated Blitz tournament apr21bta"]
[Site "?"]
[Date "2021.04.03"]
[Round "?"]
[White "GrigorGrigorov"]
[Black "KrAKeN_1"]
[Result "0-1"]
[WhiteElo "2744"]
[BlackElo "2513"]
[PlyCount "40"]
[EventDate "2021.??.??"]
[EventType "blitz"]

1. e4 e5 2. Nf3 d5 3. d3 dxe4 4. dxe4 Qxd1+ 5. Kxd1 Nc6 6. c3 f5 7. Be3 fxe4 8.
Nfd2 Bf5 9. h3 O-O-O 10. g4 Bg6 11. Bg2 Nf6 12. Kc1 h6 13. Na3 Bxa3 14. bxa3
Rhf8 15. Kc2 Nd5 16. Rhf1 Rd7 17. Bxe4 Nxe3+ 18. fxe3 Rxd2+ 19. Kxd2 Rd8+ 20.
Ke2 Bxe4 {Normal} 0-1

[Event "Rated Blitz game"]
[Site "?"]
[Date "2021.04.03"]
[Round "?"]
[White "MrKokoba"]
[Black "KamranShirazi"]
[Result "0-1"]
[WhiteElo "2484"]
[BlackElo "2489"]
[PlyCount "28"]
[EventDate "2021.??.??"]
[EventType "blitz"]

1. e4 e5 2. Nf3 d5 3. exd5 e4 4. Ne5 Qxd5 5. d4 exd3 6. Nxd3 Bd6 7. Nc3 Qf5 8.
Be2 Nc6 9. Be3 Be6 10. Qd2 O-O-O 11. O-O-O Qa5 12. Bf3 Nge7 13. b3 Bb4 14. Nxb4
Rxd2 {Normal} 0-1

[Event "Rated Classical game"]
[Site "?"]
[Date "2021.04.03"]
[Round "?"]
[White "fkw007"]
[Black "NasirAydin"]
[Result "1-0"]
[WhiteElo "2303"]
[BlackElo "2440"]
[PlyCount "35"]
[EventDate "2021.??.??"]

1. e4 e5 2. Nf3 d5 3. Nxe5 Bd6 4. Nxf7 Kxf7 5. Qh5+ g6 6. Qxd5+ Kg7 7. Bc4 Qf6
8. O-O Ne7 9. Qd3 Nbc6 10. c3 Ne5 11. Qe2 Nxc4 12. Qxc4 Be6 13. Qe2 c5 14. f4
Bxf4 15. g3 Qg5 16. Rxf4 Rhf8 17. d4 cxd4 18. Rf7+ {Normal} 1-0

[Event "Rated Blitz game"]
[Site "?"]
[Date "2021.04.03"]
[Round "?"]
[White "mafiabossgigant"]
[Black "Chessbear_163"]
[Result "1-0"]
[WhiteElo "2403"]
[BlackElo "2313"]
[PlyCount "129"]
[EventDate "2021.??.??"]
[EventType "blitz"]

1. e4 e5 2. Nf3 d5 3. d4 dxe4 4. Nxe5 Bd6 5. Qe2 Nf6 6. Nc3 Bf5 7. Qb5+ Nbd7 8.
Nxf7 Kxf7 9. Qxf5 Re8 10. Bc4+ Kf8 11. O-O Nb6 12. Bb3 Qd7 13. Qxd7 Nbxd7 14.
Re1 c5 15. Nb5 Bb8 16. Bg5 a6 17. Nc3 cxd4 18. Ne2 Be5 19. Rad1 h6 20. Bxf6
Nxf6 21. Nxd4 Bxd4 22. Rxd4 Rad8 23. c3 Rxd4 24. cxd4 Rd8 25. Rd1 Ng4 26. d5 e3
27. fxe3 Nxe3 28. Rd3 Ng4 29. Rd4 Nf6 30. a4 Ke7 31. Rb4 Rd7 32. Rb6 Nxd5 33.
Bxd5 Rxd5 34. Rxb7+ Kf8 35. b4 Rd1+ 36. Kf2 Ra1 37. a5 Ra2+ 38. Kg3 Ra3+ 39.
Kh4 Ra2 40. Kh3 Ra3+ 41. g3 Rb3 42. Rb6 Rb2 43. Kg4 Rb3 44. h4 Kf7 45. h5 Kg8
46. Kf4 Kh7 47. g4 Rc3 48. Ke5 Rc4 49. Kf5 Rd4 50. Rb7 Rc4 51. Rb6 Rd4 52. Ke5
Rc4 53. Kd5 Rxg4 54. Kc5 Rg5+ 55. Kc6 Rxh5 56. Rxa6 Rh4 57. Rb6 Rc4+ 58. Kb7
Rc2 59. a6 h5 60. a7 h4 61. a8=Q h3 62. Rb5 h2 63. Rh5+ Kg6 64. Qa5 Rb2 65.
Qf5# {Normal} 1-0

[Event "Rated Blitz tournament apr21bta"]
[Site "?"]
[Date "2021.04.03"]
[Round "?"]
[White "Bibekthing"]
[Black "Abik02"]
[Result "0-1"]
[WhiteElo "2431"]
[BlackElo "2590"]
[PlyCount "108"]
[EventDate "2021.??.??"]
[EventType "blitz"]

1. e4 e5 2. Nf3 d5 3. exd5 e4 4. Ng1 Bc5 5. d4 exd3 6. Bxd3 Nf6 7. Nf3 O-O 8.
O-O Qxd5 9. Nc3 Qh5 10. Bg5 Nc6 11. Bxf6 gxf6 12. Ne4 Be7 13. Ng3 Qc5 14. c3
Be6 15. Qc2 h6 16. Ne4 Qh5 17. Ng3 Qc5 18. b4 Qb6 19. Nf5 Bxf5 20. Bxf5 Ne5 21.
Nd4 Rfd8 22. a4 Bxb4 23. Rab1 Rxd4 24. cxd4 Qxd4 25. Rfd1 Qb6 26. Qc1 Kg7 27.
Qf4 a5 28. Qg3+ Kh8 29. Qh4 Kg7 30. Qg3+ Kf8 31. Qf4 Ke7 32. Qxh6 Rg8 33. Qf4
Qc6 34. Be4 Qxa4 35. Qf5 Qb5 36. h4 Qc4 37. h5 Qe6 38. h6 Qxf5 39. Bxf5 b6 40.
h7 Rh8 41. Rbc1 Bd6 42. Rd2 Kf8 43. Rd3 Ng6 44. f4 Bxf4 45. Rd8+ Kg7 46. Rxh8
Kxh8 47. Rd1 Be3+ 48. Kf1 Kxh7 49. Rd8 Bf4 50. Rd7 Kg7 51. Bxg6 Bd6 52. Rxf7+
Kxg6 53. Rd7 a4 54. Rd8 a3 {Time forfeit} 0-1

[Event "Rated Blitz game"]
[Site "?"]
[Date "2021.04.03"]
[Round "?"]
[White "Misi_95"]
[Black "Erow"]
[Result "0-1"]
[WhiteElo "2733"]
[BlackElo "2699"]
[PlyCount "60"]
[EventDate "2021.??.??"]
[EventType "blitz"]

1. e4 e5 2. Nf3 d5 3. exd5 e4 4. Qe2 Nf6 5. d3 Bb4+ 6. Bd2 O-O 7. dxe4 Re8 8.
c3 Rxe4 9. Be3 Bc5 10. Nbd2 Re8 11. O-O-O Bxe3 12. fxe3 Qxd5 13. Nc4 Qh5 14.
Nfe5 Qh6 15. Qf3 Nc6 16. Nxc6 Bg4 17. Ne7+ Rxe7 18. Qxb7 Rae8 19. Re1 Bf5 20.
Qxa7 Ng4 21. h3 Nxe3 22. Nd2 Nxf1 23. Rexf1 Re2 24. Rd1 Bg6 25. Rhf1 Qh5 26.
Rf2 Re1 27. Nf3 Rxd1+ 28. Kxd1 Qd5+ 29. Rd2 Qe4 30. Qd4 Qb1# {Normal} 0-1

[Event "Rated Classical game"]
[Site "?"]
[Date "2021.04.03"]
[Round "?"]
[White "fkw007"]
[Black "NasirAydin"]
[Result "1/2-1/2"]
[WhiteElo "2306"]
[BlackElo "2403"]
[PlyCount "138"]
[EventDate "2021.??.??"]

1. e4 e5 2. Nf3 d5 3. Nxe5 Bd6 4. Nxf7 Kxf7 5. Qh5+ g6 6. Qxd5+ Kg7 7. Qd4+ Qf6
8. Qxf6+ Nxf6 9. d3 c5 10. f4 Nh5 11. g3 Kf7 12. Be2 Ng7 13. Be3 b6 14. e5 Nf5
15. Bf3 Nxe3 16. Kd2 Nf5 17. exd6 Nc6 18. Bxc6 Rb8 19. Re1 Bb7 20. Bxb7 Rxb7
21. Nc3 Nxd6 22. Re2 Nf5 23. Rae1 Nd4 24. Re3 Rd8 25. Kc1 h6 26. Ne2 Nf5 27.
Re5 Rdd7 28. a4 Re7 29. Nc3 Rxe5 30. Rxe5 Rd7 31. Nb5 h5 32. a5 h4 33. g4 Ne7
34. axb6 axb6 35. h3 Nd5 36. Re4 Re7 37. Nd6+ Kf8 38. f5 Rxe4 39. dxe4 Nf4 40.
fxg6 Nxh3 41. Nf5 Nf2 42. Nxh4 Nxe4 43. Nf5 Kg8 44. c3 Nf2 45. Ne3 Kg7 46. Nd5
b5 47. Nf4 Nxg4 48. Ne6+ Kxg6 49. Nxc5 Kf5 50. Kc2 Nf6 51. Nb3 Ke4 52. Nd2+ Kd5
53. Kb3 Kc5 54. Ka3 Ng4 55. Ne4+ Kd5 56. Ng5 Kc4 57. Ne4 Kd5 58. Nd2 Kc5 59.
Nb3+ Kc4 60. Na5+ Kc5 61. b4+ Kd5 62. Kb3 Ne5 63. Kc2 Nf3 64. Nb3 Ne1+ 65. Kd1
Kc4 66. Nd4 Nd3 67. Kd2 Nxb4 68. Nxb5 Kxb5 69. cxb4 Kxb4 {Normal} 1/2-1/2

[Event "Rated Blitz tournament apr21bta"]
[Site "?"]
[Date "2021.04.03"]
[Round "?"]
[White "deacbogdan1"]
[Black "Abik02"]
[Result "0-1"]
[WhiteElo "2765"]
[BlackElo "2614"]
[PlyCount "52"]
[EventDate "2021.??.??"]
[EventType "blitz"]

1. e4 e5 2. Nf3 d5 3. exd5 e4 4. Qe2 Nf6 5. Nc3 Be7 6. Nxe4 O-O 7. d4 Nxe4 8.
Qxe4 Bb4+ 9. Kd1 Re8 10. Qd3 Qxd5 11. c3 Bd6 12. Qc4 Qe4 13. Be3 Bf5 14. Rc1
Bg6 15. Kd2 Bf4 16. Qd3 Qe6 17. d5 Qb6 18. Qb5 Bxe3+ 19. fxe3 Qxe3+ 20. Kd1 Na6
21. Bc4 Qf2 22. Re1 Rxe1+ 23. Nxe1 Rd8 24. Be2 Be4 25. c4 Nc5 26. Qb4 c6 {
Time forfeit} 0-1

[Event "Rated Blitz game"]
[Site "?"]
[Date "2021.04.03"]
[Round "?"]
[White "maitreGm"]
[Black "Melladov"]
[Result "1/2-1/2"]
[WhiteElo "2452"]
[BlackElo "2601"]
[PlyCount "134"]
[EventDate "2021.??.??"]
[EventType "blitz"]

1. e4 e5 2. Nf3 d5 3. exd5 e4 4. Qe2 Nf6 5. d3 Qxd5 6. Nc3 Bb4 7. Bd2 Bxc3 8.
Bxc3 O-O 9. Ne5 Re8 10. d4 Nc6 11. Qc4 Qxc4 12. Nxc4 Be6 13. Ne3 Rad8 14. O-O-O
a6 15. h3 Rd7 16. Bc4 Red8 17. Bxe6 fxe6 18. Ng4 Nxd4 19. Rde1 Nxg4 20. hxg4
Nb5 21. Rxe4 Nxc3 22. bxc3 Rd2 23. Rf1 Kf7 24. g3 R8d6 25. Rc4 c6 26. Rb4 b5
27. a4 Re2 28. axb5 cxb5 29. Rf4+ Ke7 30. Rd1 Rxd1+ 31. Kxd1 Re5 32. Kc1 a5 33.
Kb2 Re2 34. Kb3 e5 35. Rf3 a4+ 36. Kb2 Kd6 37. Rd3+ Kc5 38. Rd7 Rxf2 39. Rxg7
e4 40. Rxh7 Rf3 41. Re7 Kd5 42. Rb7 Kc6 43. Re7 e3 44. g5 Rxg3 45. g6 Kd6 46.
Re8 Kc5 47. g7 Rxg7 48. Re5+ Kd6 49. Rxe3 Rg4 50. Rd3+ Kc5 51. Rh3 Kc4 52. Rf3
Rg5 53. Rf4+ Kc5 54. Rf8 Re5 55. Rf4 Kb6 56. Ka3 Rc5 57. Kb2 Ka5 58. Rh4 Rc4
59. Rxc4 bxc4 60. Ka2 Kb5 61. Ka3 Ka5 62. Kb2 Kb6 63. Ka3 Kb5 64. Kb2 Kc5 65.
Ka2 Kb5 66. Ka3 Ka5 67. Ka2 Kb5 {Normal} 1/2-1/2

[Event "Rated Blitz game"]
[Site "?"]
[Date "2021.04.03"]
[Round "?"]
[White "Misi_95"]
[Black "Erow"]
[Result "0-1"]
[WhiteElo "2732"]
[BlackElo "2700"]
[PlyCount "166"]
[EventDate "2021.??.??"]
[EventType "blitz"]

1. e4 e5 2. Nf3 d5 3. d3 dxe4 4. dxe4 Qxd1+ 5. Kxd1 Nc6 6. c3 Bg4 7. Kc2 Bxf3
8. gxf3 a6 9. Bc4 Nf6 10. Be3 Na5 11. Bd3 O-O-O 12. Nd2 Nc6 13. Bc4 Rd7 14.
Rad1 Bd6 15. Rhg1 Nh5 16. Nb3 Rhd8 17. Bg5 f6 18. Be3 Kb8 19. Be6 Re7 20. Bg4
Nf4 21. h4 g6 22. Bxf4 exf4 23. h5 Ne5 24. hxg6 hxg6 25. Nd4 Rh8 26. Rh1 Reh7
27. Rxh7 Rxh7 28. Kd2 c5 29. Ne6 g5 30. Ke2 Be7 31. Bf5 Rh8 32. a3 c4 33. a4
Nd3 34. b4 Rh2 35. Rf1 Bd6 36. Nd4 Be5 37. Be6 Nxb4 38. Bxc4 Nc6 39. Nxc6+ bxc6
40. Bxa6 Bxc3 41. Bc4 Bd4 42. a5 c5 43. a6 Ka7 44. Bd3 Rg2 45. Bc4 Rh2 46. Bb5
Rg2 47. e5 fxe5 48. Bc4 g4 49. fxg4 e4 50. Bd5 f3+ 51. Ke1 Rxg4 52. Bc4 Rg2 53.
Bd5 Rg4 54. Bc4 e3 55. fxe3 Bc3+ 56. Kf2 Rxc4 57. Kxf3 Kxa6 58. Rc1 Kb5 59. e4
Bd4 60. Rb1+ Kc6 61. Rh1 Rc3+ 62. Kf4 Rc2 63. Rh6+ Kb5 64. Rh7 Kc4 65. Ra7 Rf2+
66. Kg4 Kd3 67. Re7 c4 68. e5 c3 69. e6 c2 70. Rc7 Bc3 71. Rd7+ Kc4 72. Rc7+
Kb3 73. Rb7+ Ka3 74. Ra7+ Kb3 75. Rb7+ Bb4 76. Rc7 Kb2 77. Rb7 c1=Q 78. Rxb4+
Ka3 79. Re4 Qg1+ 80. Kh5 Rh2+ 81. Rh4 Rxh4+ 82. Kxh4 Qe3 83. Kg4 Qxe6+ {Normal}
0-1

[Event "Rated Blitz game"]
[Site "?"]
[Date "2021.04.02"]
[Round "?"]
[White "nerevar83"]
[Black "pasha1984"]
[Result "0-1"]
[WhiteElo "2354"]
[BlackElo "2416"]
[PlyCount "100"]
[EventDate "2021.??.??"]
[EventType "blitz"]

1. e4 e5 2. Nf3 d5 3. d3 dxe4 4. dxe4 Qxd1+ 5. Kxd1 Bg4 6. Be2 Nc6 7. c3 O-O-O+
8. Kc2 f5 9. exf5 Bxf5+ 10. Kb3 Nf6 11. Be3 Ng4 12. Nbd2 Nxe3 13. fxe3 Bc5 14.
e4 Be6+ 15. Bc4 Na5+ 16. Ka4 Nxc4 17. Nxc4 Bxc4 18. Nxe5 b5+ 19. Ka5 Bb6+ 20.
Kb4 a5+ 21. Ka3 Be6 22. Rad1 Bc5+ 23. b4 axb4+ 24. cxb4 Bd6 25. Nc6 Kb7 26.
Nxd8+ Rxd8 27. Kb2 Rf8 28. Rhf1 Rxf1 29. Rxf1 Bxb4 30. g3 Bd6 31. Re1 Be5+ 32.
Ka3 c5 33. Rf1 Bd6 34. Kb2 c4 35. Rd1 Kc6 36. Re1 Be5+ 37. Kc2 b4 38. Rf1 Bd6
39. e5 Bxe5 40. Rf8 g6 41. Re8 Bf5+ 42. Kc1 Bd4 43. Re7 h5 44. Re8 c3 45. Rb8
Kc5 46. Rb7 Kc4 47. Rc7+ Kd3 48. Rb7 Be3+ 49. Kd1 c2+ 50. Ke1 c1=Q# {Normal}
0-1

[Event "Rated Blitz game"]
[Site "?"]
[Date "2021.04.02"]
[Round "?"]
[White "Naruito64"]
[Black "Azimi70"]
[Result "1-0"]
[WhiteElo "2400"]
[BlackElo "2229"]
[PlyCount "129"]
[EventDate "2021.??.??"]
[EventType "blitz"]

1. e4 e5 2. Nf3 d5 3. Nxe5 Bd6 4. d4 dxe4 5. Bc4 Bxe5 6. Qh5 Qe7 7. Qxe5 Qxe5
8. dxe5 Nc6 9. Bf4 Nge7 10. O-O Ng6 11. Bg3 Ngxe5 12. Bb3 O-O 13. Re1 Bf5 14.
Nc3 Bg6 15. Nxe4 Rfe8 16. Nc5 Ng4 17. Nxb7 Nd4 18. c3 Ne2+ 19. Kh1 Nxg3+ 20.
hxg3 Nxf2+ 21. Kg1 Ng4 22. Na5 h5 23. Nc6 a6 24. Ne7+ Kh7 25. Nxg6 fxg6 26. Be6
Nf6 27. c4 Rad8 28. b4 Rd3 29. a4 Rxg3 30. a5 Rd8 31. Ra2 Rgd3 32. b5 R8d6 33.
bxa6 Rxa6 34. Bc8 Rc6 35. a6 Rd8 36. Bb7 Rxc4 37. a7 Ng4 38. a8=Q Rxa8 39. Bxa8
Rc3 40. Bf3 Nf6 41. Raa1 g5 42. Rac1 Ra3 43. Rxc7 g4 44. Be4+ Kh6 45. Bf5 g3
46. Rec1 Nd5 47. R7c5 Ne3 48. Be4 Ng4 49. Bf3 Nf6 50. Rc6 Re3 51. R6c3 Re5 52.
Kf1 h4 53. Re1 Ra5 54. Rec1 Ra2 55. R3c2 Ra3 56. Rc4 Ra2 57. Rxh4+ Kg5 58. Rh3
Rf2+ 59. Kg1 Kf4 60. Rc4+ Ke3 61. Rxg3 Rxf3 62. Rxf3+ Kd2 63. Rxf6 gxf6 64. Rf4
Ke3 65. Rxf6 {Normal} 1-0

[Event "Rated Blitz game"]
[Site "?"]
[Date "2021.04.02"]
[Round "?"]
[White "hardy-hard"]
[Black "Trompatzer"]
[Result "1/2-1/2"]
[WhiteElo "2365"]
[BlackElo "2409"]
[PlyCount "91"]
[EventDate "2021.??.??"]
[EventType "blitz"]

1. e4 e5 2. Nf3 d5 3. d4 dxe4 4. Nxe5 Bd6 5. Nc4 Nf6 6. Bg5 O-O 7. Be2 Nc6 8.
c3 Be7 9. Nbd2 Nd5 10. Bxe7 Qxe7 11. O-O f5 12. Ne3 Be6 13. Nxd5 Bxd5 14. Bc4
Bxc4 15. Nxc4 f4 16. Qb3 Kh8 17. Qxb7 Qd7 18. Ne5 Nxe5 19. dxe5 Qf5 20. Rfe1 e3
21. fxe3 fxe3 22. Rf1 Qxe5 23. Rxf8+ Rxf8 24. Rf1 Rxf1+ 25. Kxf1 h6 26. Qa8+
Kh7 27. Qf3 Qxh2 28. Qxe3 Qh1+ 29. Kf2 Qh4+ 30. Ke2 Qc4+ 31. Qd3+ Qxd3+ 32.
Kxd3 Kg6 33. b4 Kf5 34. Ke3 h5 35. c4 g5 36. a4 h4 37. a5 g4 38. b5 Ke5 39. c5
Kd5 40. b6 cxb6 41. cxb6 axb6 42. axb6 Kc6 43. Kf4 h3 44. gxh3 gxh3 45. Kg3
Kxb6 46. Kxh3 {Normal} 1/2-1/2

[Event "Rated Blitz game"]
[Site "?"]
[Date "2021.04.02"]
[Round "?"]
[White "QueenDrop"]
[Black "Trompatzer"]
[Result "1-0"]
[WhiteElo "2374"]
[BlackElo "2413"]
[PlyCount "83"]
[EventDate "2021.??.??"]
[EventType "blitz"]

1. e4 e5 2. Nf3 d5 3. exd5 Bd6 4. d4 e4 5. Ne5 Nf6 6. c4 c5 7. Be2 Qe7 8. f4
exf3 9. Nxf3 cxd4 10. O-O O-O 11. Nxd4 Na6 12. Nc3 Nc5 13. Bg5 Nce4 14. Nxe4
Qxe4 15. Bxf6 gxf6 16. Bd3 Qxd4+ 17. Kh1 Qh4 18. g3 Bxg3 19. Qe2 Be5 20. Rf2
Kh8 21. Rg1 Bd7 22. Qf3 Rg8 23. Re1 Rg6 24. Bxg6 fxg6 25. c5 Bf5 26. d6 Rd8 27.
Rd2 b6 28. Qb7 Qb4 29. Qe7 Be4+ 30. Kg1 Bd4+ 31. Kf1 Qc4+ 32. Ree2 Bg2+ 33.
Kxg2 Qd5+ 34. Qe4 Qxe4+ 35. Rxe4 bxc5 36. Re6 Kg7 37. b4 Kf7 38. Re7+ Kf8 39.
bxc5 Bxc5 40. Rxh7 Bxd6 41. Rh8+ Ke7 42. Rxd8 {Time forfeit} 1-0